|
|
|
|
| LEADER |
00000cam a2200000 4500 |
| 001 |
vtls012246780 |
| 003 |
SK-MaSNL |
| 005 |
20260426002629.0 |
| 008 |
231227s2023 xr hoacg hn 001 0bcze |
| 015 |
|
|
|a SNBZSA2025/11
|
| 020 |
|
|
|a 9788076018327
|q (viazané)
|
| 040 |
|
|
|a SNK
|b slo
|c SNK
|e rda
|
| 041 |
0 |
|
|a cze
|a slo
|b eng
|b rus
|
| 043 |
|
|
|a e-cs---
|a e-xo---
|
| 044 |
|
|
|a xr
|c CZ
|
| 072 |
|
7 |
|a 32
|x Politika
|2 konspekt
|
| 072 |
|
7 |
|a 929
|x Biografie
|2 konspekt
|
| 080 |
|
|
|a 32-051
|2 2011
|
| 080 |
|
|
|a 329.15-051
|2 2011
|
| 080 |
|
|
|a 34-051
|2 2011
|
| 080 |
|
|
|a (437)
|2 2011
|
| 080 |
|
|
|a (437.6)
|2 2011
|
| 080 |
|
|
|a (048.8)
|2 2011
|
| 080 |
|
|
|a 929(092)
|2 2011
|
| 100 |
1 |
|
|a Macháček, Michal,
|d 1986-
|4 aut
|9 168915
|
| 245 |
1 |
0 |
|a Gustáv Husák
|c Michal Macháček
|
| 250 |
|
|
|a Vydání třetí
|
| 264 |
|
1 |
|a V Praze
|b Vyšehrad
|c 2023
|
| 300 |
|
|
|a 631 strán
|b faksimile, fotografie, ilustrácie, mapa, portréty
|c 25 cm
|
| 336 |
|
|
|a text
|b txt
|2 rdacontent
|
| 337 |
|
|
|a bez média
|b n
|2 rdamedia
|
| 338 |
|
|
|a zväzok
|b nc
|2 rdacarrier
|
| 500 |
|
|
|a Obsahuje chronologický prehľad, zoznam skratiek
|
| 504 |
|
|
|a Obsahuje bibliografiu, bibliografické odkazy a menný register
|
| 546 |
|
|
|a Čiastočne sporadický slovenský text, anglické a ruské rzumé
|
| 600 |
1 |
7 |
|a Husák, Gustáv,
|d 1913-1991
|2 SNKMA
|9 113908
|
| 650 |
0 |
7 |
|a prezidenti
|2 SNKPH
|9 4128
|
| 650 |
0 |
7 |
|a Presidents
|2 SNKPHeng
|9 277474
|
| 650 |
0 |
7 |
|a politici
|2 SNKPH
|9 2679
|
| 650 |
0 |
7 |
|a Politicians
|2 SNKPHeng
|9 281560
|
| 650 |
0 |
7 |
|a komunisti
|2 SNKPH
|9 2160
|
| 650 |
0 |
7 |
|a Communists
|2 SNKPHeng
|9 308033
|
| 650 |
0 |
7 |
|a právnici
|2 SNKPH
|9 2687
|
| 650 |
0 |
7 |
|a Lawyers
|2 SNKPHeng
|9 282520
|
| 651 |
|
7 |
|a Československo
|2 SNKPHgeo
|9 21376
|
| 651 |
|
7 |
|a Czechoslovakia
|2 SNKPHeng
|9 265183
|
| 651 |
|
7 |
|a Slovensko
|2 SNKPHgeo
|9 14231
|
| 651 |
|
7 |
|a Slovakia
|2 SNKPHeng
|9 92630
|
| 655 |
|
7 |
|a monografie
|2 SNKPH
|9 70139
|
| 655 |
|
7 |
|a biografie
|2 SNKPH
|9 27965
|
| 655 |
|
7 |
|a Monographs
|2 SNKPHeng
|9 120675
|
| 655 |
|
7 |
|a Biography
|2 SNKPHeng
|9 266314
|
| 852 |
|
|
|a Slovenská národná knižnica
|
| 919 |
|
|
|a 978-80-7601-832-7
|
| 954 |
|
|
|a odborná, vedecká literatúra cudzojazyčná (svetová)
|2 lita
|
| 958 |
|
|
|a ZS
|
| 958 |
|
|
|a NB
|
| 958 |
|
|
|a BX
|
| 999 |
|
|
|c 923452
|d 925382
|
| 952 |
|
|
|a SNK
|b SNK
|y PREZ
|7 0
|p 17A1577254
|o snkSC 212118
|i snk2025/14883
|8 4
|g 32.89
|0 0
|1 0
|4 0
|d 2023-12-27
|l 0
|r 2026-02-24 08:23:00
|w 2026-02-24
|